Statistiques concernant Culture Générale - Série 1698

Cliquez ici pour prendre le quiz!

Statistiques générales

  • Ce quiz a été pris 88 fois
  • Le résultat moyen est 6 sur 10

Statistiques - réponses

QuestionRéponse% Correct
Selon le code couleur définissant la difficulté des pistes de ski alpin, si le noir désigne la plus difficile, quelle couleur désigne la plus facile ?vert
89%
Dans un reportage parodique de 1991, quel trio d'humoristes fait l'ouverture de la chasse à la galinette cendrée dans le pays du Bouchonois ?Les Inconnus
85%
En football, combien de buts marque, dans le même match, un joueur qui réalise un "hat trick" ?trois
78%
Quel poison est associé aux "vieilles dentelles" dans un film de Frank Capra de 1944 ?arsenic
64%
Quelle est la capitale du Bangladesh ?Dacca
64%
Si un trio rejoint un quatuor, quel nom donne-t-on à ce groupe par rapport au nombre de ses musiciens ?septuor
63%
Depuis 1989, quel quartier de Paris désigne couramment le ministère de l'Économie ?Bercy
53%
Aux Jeux olympiques, les 5 engins de la gymnastique rythmique sont : la corde, le cerceau, les massues, le ballon et le ...ruban
51%
Quel était le titre de noblesse de François René de Chateaubriand ?vicomte
44%
Le ginkgo biloba, dont l'extrait de feuilles est utilisé en pharmacie, est surnommé l'arbre aux quarante...écus
14%

Distribution des résultats

Percentile par nombre de réponses

% des personnes avec chaque résultat

Votre développement - résultats

Vous n’avez pas pris ce quiz